Finance and Accounts for Managers

Enregistré dans:
Détails bibliographiques
Auteur principal: Goch, Desmond
Format: Livre
Langue:anglais
Publié: London PAN Books LTD 1971
Édition:1. ed.
Tags: Ajouter un tag
Pas de tags, Soyez le premier à ajouter un tag!

MARC

LEADER 00000nam a2200000 4500
001 c024621
005 20221220101725.8
041 0 |a eng 
044 |a GB 
245 1 0 |a Finance and Accounts for Managers  |c Desmond Goch 
250 |a 1. ed. 
264 1 |a London  |b PAN Books LTD  |c 1971 
300 |a 186 s. 
100 1 |a Goch, Desmond